| 000 | 00707nam a2200205 i 4500 | ||
|---|---|---|---|
| 001 | 75569 | ||
| 003 | ES-MaACL | ||
| 005 | 20230906172517.0 | ||
| 007 | t| | ||
| 008 | 040927s1963 sp ||||1| spa d | ||
| 100 | 1 |
_aGozzini, Mario. _959435 |
|
| 245 | 1 | 0 |
_aConcilio abierto, con una selección de textos del magisterio eclesiástico / _cMario Gozzini ; [traducción efectuada para la colección Concilio por Justo Esquerro]. |
| 260 |
_aMadrid : _bEuramérica, _c1963. |
||
| 300 |
_aIX, 376 p. ; _c19 cm. |
||
| 490 | 1 |
_aColección concilio ; _v1 |
|
| 700 | 1 |
_aEsquerro, Justo. _947968 |
|
| 830 | 0 |
_aColección concilio ; _v1 _9182093 |
|
| 852 |
_aES-MaACL _jC-24955 _bR.53828 |
||
| 999 |
_c75569 _d75569 |
||